[Event "Pinamar Masters 1st"]
[Site "Pinamar ARG"]
[Date "2001.03.17"]
[Round "10"]
[White "Andersson, Ulf"]
[Black "Szmetan, Jorge"]
[Result "1-0"]
[WhiteElo "2640"]
[BlackElo "2394"]
[EventDate "2001.03.08"]
[Annotator "Stohl"]
[EventType "tourn"]
[EventRounds "11"]
[EventCountry "ARG"]
[EventCategory "8"]
[Source "ChessBase"]
[SourceDate "2001.05.17"]
[WhiteTeamCountry "SUI"]
[BlackTeamCountry "SUI"]

1. Nf3 Nf6 2. c4 c5 3. Nc3 b6 4. g3 Bb7 5. Bg2 e6 6. O-O Be7 7. d4 cxd4 8.
 Qxd4 d6 9. b3 Nbd7 10. Rd1 a6 11. Ng5!? {Andersson chooses an unusual 
sideline, immediately targetting the vulnerable Pd6. Although the weakness
of the Hedgehog pawns (b6,d6, later even e6) eventually causes Black's 
downfall, this variation is not so dangerous if he is well prepared.} ( 
11. e4 Qc8 12. Bb2 {keeps more pieces and tension on the board, giving 
White some chances for a more durable advantage.} ) 11. ... Bxg2 12. Kxg2 
Qc7 ( 12. ... O-O! 13. Nge4 ( 13. Bb2 Qc7 14. f3 Qb7 ( 14. ... Rfd8 âŒ“ 
15. Nge4 Ne8 â‡„â‡„ ) 15. Nge4 Ne8 16. a4 Nc5 17. Nd2 Bg5 18. Nce4 Bxd2 
19. Nxd6 Qd7 20. Qxd2 Qxd6 21. Qxd6 Nxd6 22. Rxd6 Nxb3 23. Rb1 Rfc8 24. 
Bxg7 Kxg7 25. Rxb3 Rxc4 26. Rbxb6 Rxa4 27. Rb7 += {/=, 
Ninov,K-Markus,J/Dieren op/1990/} ) 13. ... Qc7 ( 13. ... Ne8 14. Ba3 ( 
14. h4 h6 15. Ba3 Nc5 16. Nxc5 bxc5 17. Qe4 Nf6 18. Qf3 Nd7 19. Ne4 {
1/2,Dorfman,J-Boensch,U/ Polanica Zdroj/1978/} 19. ... Qc7 =, quiet ) 
14. ... Nc5 15. Rac1 ( 15. Qe3 Qc7 16. Rd2 Nf6 17. Nxf6+ Bxf6 18. Rc1 Rfd8
19. f3 Rac8 20. Rcd1 Be7 21. Ne4 h6 22. Bb2 Bf8 =, quiet {
Kozlov,O-Bandza,A/Bratislava op/1990/} ) 15. ... Qc7 16. b4 Nd7 17. c5 {
Vul, A-Fominyh,A/Bela Crkva/1990/} 17. ... bxc5 18. bxc5 Nxc5 19. Nxc5 
dxc5 20. Qd7 Ra7 21. Qxc7 Rxc7 =, quiet ) 14. Bb2 ( 14. Ba3 Nc5 15. Nxc5 (
15. Nxf6+?! Bxf6 16. Qe3 b5! â†‘ 17. Rac1?? b4 {
0-1,Majer,D-Krallmann,M/Kassel/1993/} 18. Bxb4 Qb7+ -+ ) 15. ... dxc5 16. 
Qe3 Rfd8 17. Bb2 Qc6+ 18. Qf3 Qxf3+ 19. Kxf3 Rxd1 20. Rxd1 Rd8 21. Rxd8+ 
Bxd8 22. Ne4 Nxe4 23. Kxe4 {1/2,Kharitonov,A-Yermolinsky,A/ Volgodonsk/ 
1981/} ) ( 14. Bg5 h6 15. Nxf6+ Nxf6 16. Be3 b5 17. cxb5 axb5 18. Kg1 Rfb8
19. a4 bxa4 20. bxa4 Nd7 21. Nb5 Qc2 {Lev,R-Wahls,M/Bern zt/1990/} 22. Qd3
!? Qxd3 23. exd3 â‡„â‡„ {Wahls} ) ( 14. Nxd6? Rad8 15. b4 ( 15. Nde4 Nc5 
16. Qe3 Rxd1 -+ ) 15. ... e5 16. Qd3 Nb8 -+ ) 14. ... Rfd8 15. f3 Nc5 16. 
Rac1 Qb7 17. Nxf6+ Bxf6 18. Qd2 d5 19. cxd5 exd5 20. Na4 Bxb2 21. Nxb2 Qe7
22. Nd3 d4 23. Rc4 h6 â‡„â‡„ {Grunberg,F-Cosma,I/ROM-ch sf Tusnad/2000/} )
( 12. ... Rc8 13. Nge4 Rc6 14. Bg5 ( 14. Ba3 âŒ“ += ) 14. ... h6 15. Bc1 
O-O 16. Ba3 Nc5 17. Nxc5 bxc5 18. Qf4 Ne8 19. Bb2 Rc7 20. Rd3 Bf6 21. Rad1
Qa8+ 22. Qf3 Qxf3+ 23. Kxf3 Be7 24. Kg2 g5 25. f3 Nf6 26. Na4 Nd7 27. e4 
=, quiet {1/2,Eising,J-King,D/BL-2W8788/ 1988/} ) 13. Nge4 ( 13. f3 Rd8 ( 
13. ... O-O âŒ“ ) 14. Bb2 Nc5 15. Rd2 Qc6 16. Rad1 e5? 17. Qg1 h6 18. Nh3 
b5 19. Ba3! Rc8 20. Nd5 bxc4 21. Nxe7 Kxe7 22. Rxd6 Qxd6 23. Rxd6 Kxd6 24.
 bxc4 Rhd8 25. Qe3 Nd7 26. Nf2 Ke6 27. Nd3 Nxd3 28. exd3 +/- {
->><Ke6,Robatsch,K-Chernin,A/AUT-chT/1994/} ) 13. ... Nxe4 ( 13. ... O-O 
âŒ“ {-12...0-0!} ) 14. Nxe4 O-O 15. Ba3 Qc6 16. f3 ( 16. Kg1 Nc5 =, quiet 
{/\} 17. Bb2?? e5 -+ ) 16. ... Nc5?! {Just as above, Black should have 
defended d6 indirectly with} ( 16. ... Rfd8! âŒ“ 17. Bb2 ( 17. Bxd6 Nc5 ( 
17. ... Nf6? 18. Qe5 +/- ) 18. Bxc5 ( 18. Qe5 f6 19. Qf4 e5 20. Nxf6+ Bxf6
21. Bxe5 Qe6 -/+ ) 18. ... Rxd4 19. Bxd4 =, quiet {/=/+} ) 17. ... Bf8 18.
 Ng5 ( 18. b4 Ne5 19. c5 bxc5 20. bxc5 d5 =, quiet ) 18. ... Nc5 19. b4!? 
( 19. Rac1 h6 20. Ne4 Qb7 21. Rc2 Rd7 22. Rcd2 Rad8 23. Nf2?! ( 23. Nxc5 
=, quiet ) 23. ... b5 24. Nd3 Nxd3 25. Qxd3 bxc4 26. Qxc4 Rc8 â†‘ {
Debarnot,R-Szmetan,J/Mar del Plata/1979/} ) 19. ... Na4 20. Qd3 g6 21. Bf6
â†‘ ) 17. Bb2! {Forces a serious strategical concession.} 17. ... f6 ( 
17. ... e5 18. Qd5 += {><d5,d6,Be7 leads to a very passive position.} ( 
18. Qe3!? ) ) 18. Nf2!? N {From here the N can be flexibly deployed 
elsewhere (h3-f4, d3 etc.).} ( 18. Nc3 Rfd8 19. Rac1 Qb7 20. Qe3 Kf7 21. 
b4 Nd7 22. Ne4 Nf8 23. a3 Rac8 24. h4 Rc6 25. h5 h6 26. Qb3 Nd7 27. a4 Qb8
28. g4 a5 29. b5 Nc5 30. Nxc5 Rxc5 31. Bd4 Rc7 32. Qe3 Rb7 33. Qe4 += {
/+/-,(),/\f4,g5, Cifuentes Parada,R-Van der Erf,R/Hoogeveen/1999/} ) 
18. ... Rf7 19. Rac1 f5 {/\Bf6} 20. Rc2! Rd8 {Black's position is passive 
and he can't afford premature activity.} ( 20. ... b5?! 21. cxb5 Qxb5 22. 
Rdc1 +/- ) 21. Qe3 Bf6?! ( 21. ... h6 22. Nh3! {/\Nf4,b4|^} ( 22. b4 Bg5 ~
) ) ( 21. ... d5 âŒ“ 22. cxd5 Rxd5 ( 22. ... exd5 23. Nd3 +/- ) 23. Rdc1 
h6!? += {/+/-} ) 22. b4 Qa4? ( 22. ... Na4 â–¡ 23. Bxf6 Rxf6 24. Qb3 +/- {
><Na4} ) 23. Bxf6 Rxf6 â–¡ 24. Rb2 +- Nb7 ( 24. ... Nd7 25. Rxd6 +- ) 25. 
Qxb6 {The usually so solid Hedgehog setup fell apart with surprising ease.
} ( 25. Qxb6 Rd7 26. c5 +- ) 1-0

[Event "ARM-ROW m"]
[Site "Moscow RUS"]
[Date "2004.06.13"]
[Round "4"]
[White "Kasparov, Garry"]
[Black "Adams, Michael"]
[Result "1/2-1/2"]
[WhiteElo "2817"]
[BlackElo "2731"]
[EventDate "2004.06.10"]
[Annotator "Stohl"]
[EventType "team"]
[EventRounds "6"]
[EventCountry "RUS"]
[Source "ChessBase"]
[SourceDate "2004.09.23"]
[WhiteTeam "Armenia"]
[BlackTeam "ROW"]
[WhiteTeamCountry "ARM"]

1. Nf3 Nf6 2. c4 e6 3. Nc3 c5 4. g3 b6 5. Bg2 Bb7 6. O-O Be7 7. d4 cxd4 8.
 Qxd4 d6 9. Bg5 {The English Hedgehog is a surprisingly rare guest in 
Kasparov's practice, in the early 1980s he played it in a few games with 
Black. The most important of those was his first one-on-one encounter with
Karpov, in this game he chooses the same system as the World Champion did 
23 years ago.} ( {However, nowadays} 9. Rd1 {or} ) ( 9. b3 {are considered
to be more ambitious for White.} ) 9. ... a6 {Black continues with the 
Hedgehog set-up. As White intends to exchange his B on f6 anyway, it 
doesn't make sense to kick it with} ( 9. ... h6?! ) 10. Bxf6 {The 
immediate exchange allows White to develop pressure against the Pd6, which
in turn leads to the exchange of the Bb7.} ( 10. Rfd1 Nbd7 11. Qd2 Qc8! 
12. b3 O-O 13. Rac1 Rd8 14. Qb2 Qc7 15. a4 Rac8 16. Ne1 Bxg2 17. Nxg2 Ne5 
18. Be3 Qb7 19. f3 Nc6 20. Nf4 h6 21. g4 Ne5 22. Bf2 Ne8 23. Bg3 g6 24. 
Qd2 Bf6 25. Ng2 Kh7 26. Qe3 Bg7 =, quiet {Karpov-Ftacnik/Thessaloniki 
olm/1988/} ) 10. ... Bxf6 11. Qf4 ( {The other alternative is} 11. Qd3 Qc7
( 11. ... Ra7!? {is also playable} ) 12. Rad1 Be7 13. Nd4 Bxg2 14. Kxg2 
Nc6 15. f4 O-O â‡„â‡„ ) 11. ... O-O 12. Rfd1 Be7 13. Ne4 Bxe4 â–¡ ( 
13. ... e5? 14. Qe3 +/- {><d6,d5 } ) 14. Qxe4 Ra7 15. Nd4 =, quiet {
/+/=,^- White relies on his somewhat more valuable B, as compared to its 
black counterpart. The point is it targets the ><c6, White's plan is to 
advance his <<P and occupy this outpost with a minor piece. A riskless 
venture, but if Black defends alertly, he can neutralize White's edge. A 
surprisingly mild opening choice by Kasparov with White, we'll see Adams 
is up to his task.} ( 15. Rac1 Qc8 16. b3 Qc5 17. Nd2 Nd7 18. Nb1 Nf6 19. 
Qd3 b5! 20. cxb5 Qxb5 21. Qd4 Qb8 22. Nc3 Rc7 23. Ne4 d5 =, quiet {
Tal,M-Vaganian,R/Moscow/1983/} ) ( 15. Qe3 Rc7 ( 15. ... Nc6!? =, quiet ) 
16. Rac1 Qc8 17. Nd4 Rxc4? ( 17. ... Re8 âŒ“ â‡„â‡„ ) 18. Nc6! {is a trick
Black must beware of} 18. ... Nxc6 19. Rxc4 d5 20. Rcc1 +/- {Illescas 
Cordoba,M-Galego,L/Los Yebenes/1990/} ) 15. ... Rc7 ( 15. ... Qc8 16. b3 
Re8 ( 16. ... Bf6 17. a4 Rd8 18. Qe3 Qc5 19. Ra2 Bxd4!? 20. Rxd4 a5 21. 
Rad2 {1/2,Pigusov,E-Ulibin,M/Dubai op/2002/} 21. ... Rad7 {/\Qc7,Na6-c5<=>
} ) 17. a4 Qc5 18. Ra2 Bf6 19. Rad2 Rc7 20. Qb1 Be7 21. b4 Qh5 22. Rc2 
Rec8 = {Karpov,A-Kasparov,G/Moscow 4 teams/1981/} ) 16. b3 Rc5 17. a4 Qc7 
18. Qb1 Nd7! {This is the important point of Black's previous moves - his 
N doesn't have to guard c6 passively and can enter the game.} ( {A model 
example of White's plan in action is} 18. ... Rc8 $143 19. Ra2 Bf8 20. e3 
Qe7 21. Rc2 g6 22. Qa2 Qg5?! 23. h4 Qf6 24. b4 R5c7 25. b5 a5 26. Nc6 Nd7 
27. Rcd2 Nc5 28. Qc2 Qg7 29. f4 Kh8 30. Bf3 Re8 31. Kg2 f5 32. e4 e5 33. 
fxe5 dxe5 34. Rd8 +/- {|^,Andersson,U-Seirawan,Y/London/1982/} ) 19. e3 ( 
19. Ra2 Nf6 20. Nc2 Rd8 21. Nb4 Qc8 22. Nd3 Rc7 23. Rc1 d5! 24. cxd5 Rxc1+
25. Qxc1 Qxc1+ 26. Nxc1 Nxd5 27. Bxd5 Rxd5 28. Nd3 b5 =, quiet {
Pigusov,E-Aseev,K/Vilnius/1984/} ) 19. ... Qc8 ( {Adams prepares a5 and 
moves his Q away from the Nb5 attack.} 19. ... Nf6!? {is similar, but 
gives Black a chance to play d5 earlier, after} 20. Ra2 d5 =, quiet {White
has nothing.} ) 20. Ra2 Nf6 21. Rc2 a5! {White was already threatening to 
play b4.} ( 21. ... Rd8? 22. b4 â†‘ {/\} 22. ... Rxc4? 23. Rxc4 Qxc4 24. 
Rc1 +- ) 22. Rdd2 ( 22. Nb5 d5 =, quiet ) ( 22. Rcd2!? âŒ“ d5 ( 22. ... 
Rd8 23. Nb5 Ne8 ( 23. ... d5 24. cxd5 Nxd5 25. Bxd5 Rdxd5 26. Rxd5 exd5 ( 
26. ... Rxd5 27. Rxd5 exd5 28. Qd3 â†‘ {><d5} ) 27. Qd3 += ) 24. Rd3 {
/\R1d2,Qd1+/=} ) 23. cxd5 Nxd5 24. Nf5 â†‘ ) 22. ... Rd8 23. Nb5 g6 24. 
Qd1 Ne8 25. Bf3 Qd7 26. Rd3 Nc7 =, quiet 27. Rcd2 {White has come too late
with the tripling on the d-file and his initiative peters out.} ( 27. Nc3 
Na6!? 28. Ne4 Nb4 29. Rxd6 ( 29. Nxc5 bxc5 =, quiet ) 29. ... Qxd6! 30. 
Nxd6 Nxc2 =, quiet ) 27. ... Nxb5 28. axb5 Bf8 29. Bc6 Qe7 30. Rd4 Qf6 31.
 Kg2 h5 32. h3 Rc8 33. R2d3 Rc7 34. Qf3 Rf5 ( 34. ... Qxf3+ $143 35. Kxf3 
Ra7 36. Ke2 {/\f4,><Rc5 immobilises Black's R and gives White chances.} ) 
35. Rf4!? ( 35. Qe2 Ra7 =, quiet ) 35. ... Rxf4 36. exf4 Ra7 37. Qe3 Qd8 
38. c5 ( 38. g4!? hxg4 39. hxg4 a4 40. b4 {/\c5|^} 40. ... a3! 41. Rxa3 
Rxa3 42. Qxa3 d5 â‡„â‡„ ) 38. ... bxc5 39. Qxc5 Qb8 40. Qe3 ( 40. Qd4 d5 
=, quiet {/~~} ) 40. ... a4 ( 40. ... d5 41. f5! += ) 41. b6 ( 41. bxa4 
Rxa4 42. b6 Rc4 =, quiet ) 41. ... Ra6 42. bxa4 Rxb6 43. Bb5 d5 ( 43. ... 
Bg7 =, quiet ) 44. f5!? exf5 ( 44. ... gxf5 45. Qg5+ Bg7 46. Qxh5 += ) 45.
 Rxd5 Rd6 ( 45. ... Rd6 46. Re5 ( 46. Rxd6 Bxd6 {/\f4=} ) 46. ... Qb7+ 
=, quiet ) 1/2-1/2

[Event "Phillips&Drew"]
[Site "London ENG"]
[Date "1982.??.??"]
[Round "?"]
[White "Andersson, Ulf"]
[Black "Seirawan, Yasser"]
[Result "1-0"]
[WhiteElo "2635"]
[BlackElo "2575"]
[EventDate "1982.04.??"]
[PlyCount "101"]
[EventType "tourn"]
[EventRounds "13"]
[EventCountry "ENG"]
[EventCategory "14"]
[Source "ChessBase"]
[SourceDate "1999.07.01"]
[WhiteTeamCountry "GER"]
[BlackTeamCountry "GER"]

1. Nf3 Nf6 2. c4 c5 3. g3 b6 4. Bg2 Bb7 5. O-O e6 6. Nc3 Be7 7. d4 cxd4 8.
 Qxd4 d6 9. Bg5 a6 10. Bxf6 Bxf6 11. Qf4 O-O 12. Rfd1 ( 12. Rad1 Be7 13. 
Ne4 Bxe4 14. Qxe4 Ra7 15. Nd4 Qc8 16. b3 Re8 17. Rd2 Rc7 18. e3 Bf8 19. 
Qb1 Nd7 20. Rfd1 Nf6 21. a4 Rc5 22. Rc2 e5 23. Ne2 b5 24. axb5 axb5 25. 
Nc3 bxc4 {1-0(34) Andersson, Ulf (2585) - Gruenfeld, Yehuda (2330) / 
Luzern ol (Men) (9), Lucerne SUI 1982} ) 12. ... Be7 13. Ne4 Bxe4 14. Qxe4
Ra7 15. Nd4 Rc7 16. b3 Rc5 17. a4 Qc7 18. Qb1 Rc8 19. Ra2 Bf8 20. e3 Qe7 
21. Rc2 g6 22. Qa2 Qg5 23. h4 Qf6 24. b4 R5c7 25. b5 a5 26. Nc6 Nd7 27. 
Rcd2 Nc5 28. Qc2 Qg7 29. f4 Kh8 30. Bf3 Re8 31. Kg2 f5 32. e4 e5 33. fxe5 
dxe5 34. Rd8 Rxd8 35. Rxd8 fxe4 36. Bxe4 Qf6 37. Bd5 Kg7 38. Re8 e4 39. 
Bxe4 Rf7 40. Qe2 Nxa4 41. Bf3 Rd7 42. Bg4 Rd6 43. Ne5 Nc5 44. Ra8 Rd8 45. 
Ra7+ Kg8 46. Bf3 Bg7 47. Bd5+ Rxd5 48. Ng4 Qd8 49. cxd5 Qxd5+ 50. Kh2 Ne4 
51. Re7 1-0

[Event "Moscow"]
[Site "Moscow RUS"]
[Date "1981.04.??"]
[Round "6"]
[White "Kasparov, Garry"]
[Black "Andersson, Ulf"]
[Result "1/2-1/2"]
[WhiteElo "2625"]
[BlackElo "2610"]
[EventDate "1981.04.08"]
[Annotator "Belov"]
[EventType "tourn"]
[EventRounds "13"]
[EventCountry "URS"]
[EventCategory "15"]
[Source "ChessBase"]
[SourceDate "1999.07.01"]
[WhiteTeam "II"]
[WhiteTeamCountry "URS"]
[BlackTeamCountry "URS"]

1. d4 Nf6 2. c4 e6 3. Nc3 Bb4 4. e3 c5 5. Ne2 cxd4 6. exd4 O-O 7. a3 Be7 
8. d5 exd5 9. cxd5 Re8 ( 9. ... Bc5 10. Na4 d6 11. Nxc5 dxc5 12. Nc3 b6 
13. Be2 Bb7 = ) 10. Be3?! ( 10. g3 Bc5 11. b4 Bb6 12. h3 a5 13. b5 Qc7 = {
Gligoric,S-Timman, J/Niksic/1983/0:1 (27) Inf 36/670/} ) ( 10. d6!? Bf8 
11. g3 b6 ( 11. ... Re6 12. Bf4 Nh5 13. Be3 Rxd6 14. Qc2 Re6 15. Bg2 Nc6 =
{Korchnoi,V-Kindermann,S/ Beer-Sheva/1984/0,5 (24) Inf 37/620/} ) 12. Bg2 
Nc6 13. O-O Ba6 14. Re1 Rc8 15. Bf4 Ne5 = {Miles,A-Csom,I/Esbjerg/1984/0,5
(58) Inf 38/744/} ) 10. ... d6?! ( 10. ... Ng4 âŒ“ 11. Bd4 Nh6! 12. Qd3 d6
13. Ng3 Nd7 14. Be2 Nc5 15. Qc2 Bf6 =+ {Semkov,S-Dzindzichashvili,R/Saint 
John/1988/1:0 (46) Inf 45/691/} ) 11. h3 ( 11. g3!? += ) 11. ... Nbd7 ( 
11. ... Bf8 12. g4 Ne4 13. Nxe4 Rxe4 14. Bg2 ( 14. Qd2!? ) 14. ... Rxe3!? 
15. fxe3 Qh4+ 16. Kd2 Nd7 17. Nd4 Ne5 ~ {Lukov,V-Vilela,J/ 
Cienfuegos/1983/Inf 35/(647)/} ) 12. Ng3 Bf8 13. Be2 Rxe3?! ( 13. ... g6 
14. O-O Bg7 15. Bd4 += {Kasparov/} ) 14. fxe3 g6 15. O-O Qe7 16. Qd4 Bg7 (
16. ... Bh6!? 17. Rf3 Ne5 18. Rf2 ( 18. Rf4!? Bxf4 19. exf4 += {Kasparov/}
) 18. ... Ned7 19. Nf1 +/- ) 17. Qf4 Ne8!? ( 17. ... Ne5 18. Rac1 Bd7 19. 
Nce4 Nxe4 20. Nxe4 f5 ( 20. ... Bf5 21. Ng3 ) 21. Nd2 +/- ) 18. Rac1 Be5 
19. Qf2 Ndf6 20. Bd3 h5 21. Nge2! Nh7 22. Nf4 Nf8 ( 22. ... Bd7 23. Nxh5! 
gxh5 24. Bxh7+ Kxh7 25. Qxf7+ +- ) 23. Nb5 a6 24. Nd4 Bd7 25. Rc2 ( 25. 
Nf3!? {/\ e4,Re1,e5/} ) 25. ... Bg7 26. Qg3 Rb8 27. Re2 Nf6 ( 27. ... h4?!
28. Qf2 {/\ Nf3/} ) 28. Nf3 Be8! 29. e4 N6d7 30. Rc2 Ne5 31. Nxe5 Bxe5 32.
 Qf2 Nd7 {>< e5/} 33. b4 Qd8 34. Be2 Bg7 35. Nd3 Ne5 36. Nxe5 Bxe5 37. 
Rfc1 ( 37. h4!? ) 37. ... Kg7 38. Rc7 Qg5?! ( 38. ... h4 âŒ“ ) 39. R1c2 ( 
39. h4 âŒ“ ) 39. ... h4! 40. Bg4 Kh6! 41. Kh1 b6 42. Ra7 ( 42. Bd7 Bxd7 
43. Rxd7 f6 44. Rcc7 Rh8 45. Qxb6 Qf4 â‡„â‡„ ) 42. ... Bg3 43. Qd2 Bf4 44.
 Qd4 Be5 45. Qg1! a5 46. Qc1 Bf4 47. Qa1 Be5 48. Qg1 {Zugzwang/} 48. ... 
axb4 49. axb4 Bf4 50. Qa1 Be5 51. Qa3! Kg7 ( 51. ... Qf4 52. Qc1 ) 52. Rf2
Bf6 53. Qd3 Qe5 54. Be6! Kg8 55. Qf3 Kg7 56. Qf4 Qd4 57. Rf1 {/\ Qd6/} 
57. ... b5 58. Bg4! ( 58. Rc7 Ra8 {/\ Ra1/} ) 58. ... Rd8! ( 58. ... Qxa7 
59. Qxf6+ Kg8 60. Qxd6 +- ) 59. Rc7 Qb2 ( 59. ... Ra8 60. Qxd6 Ra1 61. 
Rcc1 +- ) 60. Rc2! Qd4 61. Rd2 Qe5 ( 61. ... Qc3 62. Rd3! Qb2 63. Rdf3! 
Be5 64. Qg5 Ra8 65. Qe7 +- {Kasparov/} ) 62. Qxe5 Bxe5 63. Rc2 Bd7! 64. 
Be2?! ( 64. Bxd7 Rxd7 65. Rc8 +- ) 64. ... f5! 65. Rc7 Kh6 66. Bd3 fxe4 
67. Bxe4 Kg5 68. Bd3 Bd4 69. Rb7?! ( 69. Rf3! Bb6 70. Rb7 Bd4 71. Kh2!! 
Be5+ 72. Kg1 Bd4+ 73. Kf1 +- {Kasparov/} ) 69. ... Bc3! 70. Bxb5 Bf5 71. 
Be2 Ra8 72. b5 Ra2 73. Bf3 Rb2 74. Rb8 Bd4 =/& 75. Rd1 Bc5 76. Kh2 Be3 77.
 Re1 Bf2 78. Rf1 Bc5 79. Re8 Bd4! 80. Rd1 Bf2! 81. Be2 Bd7 82. Re4 Bf5 83.
 Re8 Bd7 1/2-1/2